Mithilā vaibhava; (Record no. 76733)
[ view plain ]
| 000 -LEADER | |
|---|---|
| fixed length control field | 00752cam a22002411 4500 |
| 001 - CONTROL NUMBER | |
| control field | sa 67007692 |
| 003 - CONTROL NUMBER IDENTIFIER | |
| control field | DLC |
| 005 - DATE AND TIME OF LATEST TRANSACTION | |
| control field | 20260227112417.0 |
| 008 - FIXED-LENGTH DATA ELEMENTS--GENERAL INFORMATION | |
| fixed length control field | 890327s1963 ii c 000 0 maio |
| 010 ## - LIBRARY OF CONGRESS CONTROL NUMBER | |
| LC control number | sa 67007692 |
| 035 ## - SYSTEM CONTROL NUMBER | |
| System control number | (OCoLC)19463327 |
| 040 ## - CATALOGING SOURCE | |
| Original cataloging agency | DLC |
| Transcribing agency | NRU |
| Modifying agency | WU |
| -- | DLC |
| 042 ## - AUTHENTICATION CODE | |
| Authentication code | premarc |
| 050 00 - LIBRARY OF CONGRESS CALL NUMBER | |
| Classification number | B131 |
| Item number | .J52 |
| 100 1# - MAIN ENTRY--PERSONAL NAME | |
| Personal name | Jha, Yashodhar. |
| 245 10 - TITLE STATEMENT | |
| Title | Mithilā vaibhava; |
| Remainder of title | Mithilā me darśanaka utkarsha. The philosophical treasure of Mithila. |
| Statement of responsibility, etc. | Lekhaka Yaśodhara Jhā. |
| 250 ## - EDITION STATEMENT | |
| Edition statement | [1. saṃskar̥ana. |
| 260 ## - PUBLICATION, DISTRIBUTION, ETC. | |
| Place of publication, distribution, etc. | Patanā, |
| Name of publisher, distributor, etc. | Mudaraka: Indiana Naśana Presa, |
| Date of publication, distribution, etc. | 1963] |
| 300 ## - PHYSICAL DESCRIPTION | |
| Extent | 21, 2, 11, 11, 131 p. |
| Other physical details | port. |
| Dimensions | 21 cm. |
| 500 ## - GENERAL NOTE | |
| General note | In Maithilli. |
| 650 #0 - SUBJECT ADDED ENTRY--TOPICAL TERM | |
| Topical term or geographic name entry element | Philosophy, Indic. |
| 651 #0 - SUBJECT ADDED ENTRY--GEOGRAPHIC NAME | |
| Geographic name | Mithila (India and Nepal) |
No items available.